[Event "Joacaba op 2nd"]
[Site "Joacaba"]
[Date "2023.07.02"]
[Round "6"]
[White "Toffoli, Vanessa"]
[Black "Lunelli, Neuri Antonio"]
[Result "0-1"]
[WhiteElo "1367"]
[BlackElo "1759"]
[PlyCount "65"]
[EventDate "2023.06.30"]
[EventType "swiss"]
[EventRounds "6"]
[EventCountry "BRA"]
[SourceTitle "CBM 215 Extra"]
[Source "ChessBase"]
[SourceDate "2023.09.30"]
[SourceVersion "1"]
[SourceVersionDate "2023.09.30"]
[SourceQuality "1"]

1. e4 c6 2. d4 d5 3. e5 Bf5 4. Nc3 Qb6 5. g4 Bd7 6. f4 e6 7. Nge2 c5 8. Be3 Nc6 9. Qd2 c4 10. Na4 Qc7 11. Nec3 a6 12. f5 b5 13. Nc5 Nxe5 14. Nxe6 fxe6 15. dxe5 Qxe5 16. 0-0-0 b4 17. fxe6 Bxe6 18. Nxd5 c3 19. Qd4 Qxd4 20. Rxd4 Bxd5 21. Rxd5 Nf6 22. Re5+ Kd7 23. g5 Bd6 24. Bh3+ Kc7 25. Re6 Nh5 26. Rd1 Rad8 27. Rd4 Rhe8 28. Rc4+ Kb8 29. Rxe8 Rxe8 30. Bf2 Nf4 31. Bf1 Ne2+ 32. Bxe2 Rxe2 33. Rd4 0-1

[Event "Joacaba op 2nd"]
[Site "Joacaba"]
[Date "2023.07.01"]
[Round "3"]
[White "Lunelli, Neuri Antonio"]
[Black "Solanho, Henrique Sulzbach"]
[Result "1-0"]
[WhiteElo "1759"]
[BlackElo "1118"]
[PlyCount "51"]
[EventDate "2023.06.30"]
[EventType "swiss"]
[EventRounds "6"]
[EventCountry "BRA"]
[SourceTitle "CBM 215 Extra"]
[Source "ChessBase"]
[SourceDate "2023.09.30"]
[SourceVersion "1"]
[SourceVersionDate "2023.09.30"]
[SourceQuality "1"]

1. c4 c6 2. e4 e6 3. Nc3 d5 4. d4 dxe4 5. Nxe4 Nd7 6. Nf3 Ngf6 7. Nc3 Bd6 8. Be2 0-0 9. 0-0 c5 10. Bg5 Qb6 11. Na4 Qc7 12. dxc5 Bxc5 13. Nxc5 Qxc5 14. a3 b6 15. b4 Qc7 16. Nd4 Ne4 17. Nb5 Qe5 18. f4 Qb8 19. Bf3 Ndf6 20. Bxf6 Nxf6 21. Bxa8 Qxa8 22. Qe2 Qc6 23. Nxa7 Qd7 24. Nxc8 Rxc8 25. Rfd1 Qe7 26. Rd4 1-0

[Event "Florianopolis op 6th"]
[Site "Florianopolis"]
[Date "2020.01.25"]
[Round "9"]
[White "De Souza Sa, Apolo"]
[Black "Lunelli, Neuri Antonio"]
[Result "0-1"]
[WhiteElo "1976"]
[BlackElo "1786"]
[PlyCount "104"]
[EventDate "2020.01.20"]
[EventType "swiss"]
[EventRounds "10"]
[EventCountry "BRA"]
[SourceTitle "CBM 194 Extra"]
[Source "ChessBase"]
[SourceDate "2020.03.31"]
[SourceVersion "1"]
[SourceVersionDate "2020.03.31"]
[SourceQuality "1"]

1. Nf3 Nf6 2. c4 g6 3. Nc3 Bg7 4. e4 d6 5. d4 0-0 6. Be2 c6 7. 0-0 Qc7 8. Be3 e5 9. c5 dxc5 10. dxc5 Ng4 11. Bg5 f6 12. Bc1 Nh6 13. Nd2 Be6 14. Nc4 Nf7 15. Be3 Rd8 16. Qc2 Bf8 17. b4 Nd7 18. Na4 f5 19. f3 f4 20. Bf2 Nf6 21. Qc3 g5 22. Nab2 Ne8 23. Nd2 Qe7 24. Bc4 h5 25. Bxe6 Qxe6 26. Nbc4 Bg7 27. a4 Qg6 28. h3 Bf6 29. a5 a6 30. Nb6 Rab8 31. Ndc4 Ng7 32. Rfd1 Ne6 33. Nd7 Rbc8 34. Ndb6 Nd4 35. Bxd4 exd4 36. Qb3 Rc7 37. Nd6 Kh7 38. Nxf7 Rxf7 39. Nc4 Re8 40. Rd3 g4 41. hxg4 hxg4 42. fxg4 Rxe4 43. Rh3+ Kg7 44. Qf3 d3 45. Nd2 Bd4+ 46. Kh2 Re3 47. Qf1 Rxh3+ 48. gxh3 Bxa1 49. Qxa1+ Qf6 50. Qe1 Re7 51. Qf1 Qd4 52. Qe1 Qe3 0-1

[Event "Florianopolis op 6th"]
[Site "Florianopolis"]
[Date "2020.01.25"]
[Round "8"]
[White "Lunelli, Neuri Antonio"]
[Black "Machado, Luiz Fernando"]
[Result "1-0"]
[WhiteElo "1786"]
[BlackElo "1492"]
[PlyCount "179"]
[EventDate "2020.01.20"]
[EventType "swiss"]
[EventRounds "10"]
[EventCountry "BRA"]
[SourceTitle "CBM 194 Extra"]
[Source "ChessBase"]
[SourceDate "2020.03.31"]
[SourceVersion "1"]
[SourceVersionDate "2020.03.31"]
[SourceQuality "1"]

1. c4 Nf6 2. Nc3 g6 3. g3 Bg7 4. Bg2 0-0 5. e4 c5 6. Nge2 Nc6 7. 0-0 d6 8. d3 Rb8 9. h3 a6 10. Be3 b5 11. Qd2 Nd7 12. f4 Qa5 13. e5 Bb7 14. Bxc6 Bxc6 15. Nd5 Qd8 16. d4 bxc4 17. Ndc3 cxd4 18. Nxd4 Ba8 19. e6 Bxd4 20. exf7+ Rxf7 21. Bxd4 Qc8 22. Rae1 Qb7 23. Ne4 Nf6 24. Nxf6+ exf6 25. Kh2 Kf8 26. Bc3 Qd5 27. Qxd5 Bxd5 28. Rd1 Bb7 29. Rxd6 Re8 30. Rf2 f5 31. Be5 Ra8 32. Rc2 Rc8 33. Rcd2 Bc6 34. Rd8+ Rxd8 35. Rxd8+ Ke7 36. Rd6 Bb5 37. h4 Ke8 38. Kg2 Rd7 39. Rb6 Kf7 40. Kf2 Ke8 41. Ke3 Kf7 42. h5 Rd3+ 43. Kf2 Rd2+ 44. Kg1 Rd1+ 45. Kg2 gxh5 46. Rh6 Kg8 47. Rxh5 Bc6+ 48. Kf2 Be4 49. Rg5+ Kf7 50. Rg7+ Ke6 51. Rxh7 Rd2+ 52. Ke1 Rg2 53. Rh6+ Kd5 54. Rxa6 Rxg3 55. a4 Kc5 56. a5 Kb5 57. Ra7 Rg1+ 58. Kf2 Ra1 59. Bc3 Rd1 60. Re7 Rd6 61. Re5+ Ka6 62. Rc5 Bd3 63. Ke3 Kb7 64. Be5 Rc6 65. b4 Rxc5 66. bxc5 Kc6 67. Kd4 Be2 68. a6 c3 69. a7 Kb7 70. c6+ Kxa7 71. Kc5 c2 72. Bb2 Bf3 73. Kd6 Be2 74. c7 Ba6 75. Kd7 Kb6 76. c8Q Bxc8+ 77. Kxc8 Kc6 78. Kd8 Kd6 79. Ke8 Ke6 80. Kf8 Kd7 81. Kf7 Kd8 82. Kf6 Ke8 83. Kxf5 Kf7 84. Kg5 Kf8 85. Kf6 Kg8 86. Ke7 Kh7 87. f5 Kg8 88. f6 Kh7 89. f7 Kg6 90. f8Q 1-0

[Event "Florianopolis op 6th"]
[Site "Florianopolis"]
[Date "2020.01.21"]
[Round "3"]
[White "Lunelli, Neuri Antonio"]
[Black "Do Carmo, Luciano Dias"]
[Result "1-0"]
[WhiteElo "1786"]
[BlackElo "1559"]
[PlyCount "89"]
[EventDate "2020.01.20"]
[EventType "swiss"]
[EventRounds "10"]
[EventCountry "BRA"]
[SourceTitle "CBM 194 Extra"]
[Source "ChessBase"]
[SourceDate "2020.03.31"]
[SourceVersion "1"]
[SourceVersionDate "2020.03.31"]
[SourceQuality "1"]

1. c4 c5 2. g3 g6 3. Bg2 Bg7 4. Nc3 Nf6 5. e4 d6 6. Nge2 Nc6 7. 0-0 0-0 8. d3 a6 9. h3 Bd7 10. Be3 Rb8 11. Qd2 Re8 12. f4 b5 13. Rf2 e6 14. Raf1 bxc4 15. dxc4 Qc7 16. b3 h5 17. Bf3 e5 18. Bg2 Nd4 19. fxe5 Nxe2+ 20. Nxe2 dxe5 21. Rxf6 Bxf6 22. Rxf6 Re6 23. Rf1 Rd6 24. Qc2 Be6 25. Kh2 Rbd8 26. Nc3 f5 27. Nd5 Bxd5 28. exd5 e4 29. Bf4 Qg7 30. Qf2 R6d7 31. Qxc5 g5 32. Be3 Rf7 33. Bd4 Qg6 34. Bc3 h4 35. Qd4 hxg3+ 36. Kg1 Rh7 37. Qf6 Qxf6 38. Bxf6 Rf8 39. Rxf5 e3 40. Rxg5+ Kf7 41. Bc3 e2 42. Rxg3 Ke8 43. Be1 Rh5 44. Kh2 Re5 45. d6 1-0

[Event "Concordia op 5th"]
[Site "Concordia"]
[Date "2019.05.02"]
[Round "3"]
[White "Lunelli, Neuri Antonio"]
[Black "Couto, Januario Pereira Do"]
[Result "1-0"]
[WhiteElo "1798"]
[BlackElo "1420"]
[PlyCount "63"]
[EventDate "2019.05.01"]
[EventType "swiss"]
[EventRounds "9"]
[EventCountry "BRA"]
[SourceTitle "CBM 190 Extra"]
[Source "ChessBase"]
[SourceDate "2019.07.15"]
[SourceVersion "1"]
[SourceVersionDate "2019.07.15"]
[SourceQuality "1"]

1. c4 f5 2. g3 Nf6 3. Nc3 g6 4. Bg2 Bg7 5. e4 fxe4 6. Nxe4 0-0 7. Ne2 d6 8. 0-0 Nbd7 9. d4 Nxe4 10. Bxe4 Nf6 11. Bg2 c6 12. Bg5 Bf5 13. Nc3 e5 14. c5 exd4 15. Qxd4 dxc5 16. Qxc5 h6 17. Bf4 Nd7 18. Qc4+ Kh8 19. Rad1 g5 20. Be3 Bxc3 21. Qxc3+ Kg8 22. Rd6 Rf6 23. Rfd1 Rxd6 24. Rxd6 Qf8 25. Qb3+ Kh7 26. Qd1 Qe7 27. h4 a6 28. hxg5 hxg5 29. Qh5+ Kg8 30. Rh6 Nf6 31. Rh8+ Kg7 32. Qh6+ 1-0

[Event "Concordia op 5th"]
[Site "Concordia"]
[Date "2019.05.01"]
[Round "2"]
[White "Aranha Filho, Alvaro Zimmermann"]
[Black "Lunelli, Neuri Antonio"]
[Result "1-0"]
[WhiteElo "2271"]
[BlackElo "1798"]
[PlyCount "49"]
[EventDate "2019.05.01"]
[EventType "swiss"]
[EventRounds "9"]
[EventCountry "BRA"]
[SourceTitle "CBM 190 Extra"]
[Source "ChessBase"]
[SourceDate "2019.07.15"]
[SourceVersion "1"]
[SourceVersionDate "2019.07.15"]
[SourceQuality "1"]

1. Nf3 Nf6 2. c4 g6 3. d4 Bg7 4. Nc3 0-0 5. Bg5 d6 6. e3 c6 7. Be2 Qc7 8. 0-0 e5 9. b4 Nbd7 10. Qb3 Re8 11. dxe5 dxe5 12. c5 Nf8 13. Bc4 Ne6 14. Rad1 e4 15. Bxf6 exf3 16. Ne4 fxg2 17. Rfe1 Kf8 18. Bxg7+ Nxg7 19. Nf6 Re5 20. f4 Re7 21. Nxh7+ Kg8 22. Nf6+ Kf8 23. Qb2 Be6 24. Bxe6 Nxe6 25. Nd5 1-0

[Event "Florianopolis op 5th"]
[Site "Florianopolis"]
[Date "2019.01.22"]
[Round "3"]
[White "Lunelli, Neuri Antonio"]
[Black "Souza, Adwilhans Luciano"]
[Result "0-1"]
[WhiteElo "1767"]
[BlackElo "2368"]
[PlyCount "79"]
[EventDate "2019.01.21"]
[EventType "swiss"]
[EventRounds "10"]
[EventCountry "BRA"]
[SourceTitle "CBM 188 Extra"]
[Source "ChessBase"]
[SourceDate "2019.02.26"]
[SourceVersion "1"]
[SourceVersionDate "2019.02.26"]
[SourceQuality "1"]

1. c4 Nf6 2. Nc3 g6 3. g3 Bg7 4. Bg2 0-0 5. e4 c5 6. Nge2 Nc6 7. 0-0 d6 8. d3 Bd7 9. h3 a6 10. Be3 Rb8 11. f4 Qc8 12. Kh2 b5 13. Qd2 Nd4 14. Rac1 b4 15. Nd5 Qd8 16. Bxd4 cxd4 17. Nxb4 Qb6 18. Nd5 Nxd5 19. cxd5 Qxb2 20. Rc2 Qb6 21. Rfc1 e5 22. Rc7 Rfd8 23. R1c2 Ba4 24. R2c4 Bb5 25. Rc2 Bh6 26. Rc1 a5 27. Qc2 Qa6 28. Rd1 Rbc8 29. Rxc8 Rxc8 30. Qb3 a4 31. Qb1 a3 32. Bf3 Ba4 33. Rc1 Rxc1 34. Nxc1 exf4 35. g4 Qa5 36. Qb8+ Bf8 37. Nb3 Qe1 38. Bg2 Qg3+ 39. Kh1 f3 40. Bf1 0-1

[Event "Caioba Telecom op"]
[Site "Caioba"]
[Date "2018.08.04"]
[Round "7"]
[White "Okamura, Milton Kasuo"]
[Black "Lunelli, Neuri Antonio"]
[Result "1-0"]
[WhiteElo "2067"]
[BlackElo "1786"]
[PlyCount "93"]
[EventDate "2018.08.01"]
[EventType "swiss"]
[EventRounds "9"]
[EventCountry "BRA"]
[SourceTitle "CBM 186 Extra"]
[Source "ChessBase"]
[SourceDate "2018.08.24"]
[SourceVersion "1"]
[SourceVersionDate "2018.08.24"]
[SourceQuality "1"]

1. d4 Nf6 2. c4 d6 3. Nf3 g6 4. Nc3 Bg7 5. e4 0-0 6. Be2 c6 7. 0-0 Qc7 8. h3 e5 9. Be3 Re8 10. d5 c5 11. a3 a6 12. b4 Nbd7 13. Rb1 b6 14. Qc2 h6 15. Rb2 Nf8 16. Rfb1 N6d7 17. Bd3 g5 18. Ne2 Ng6 19. Ng3 Nf4 20. Bf1 Nf8 21. bxc5 bxc5 22. Rb6 Nd7 23. Rc6 Qa7 24. Rxd6 Bf8 25. Rc6 Rb8 26. Nf5 f6 27. Bd2 Ng6 28. Ba5 Rxb1 29. Qxb1 Qb8 30. Qxb8 Nxb8 31. Rxf6 Bxf5 32. exf5 Nf4 33. g3 Bg7 34. Rb6 e4 35. Nh2 Nd3 36. Ng4 h5 37. Nf6+ Bxf6 38. Rxf6 Ne5 39. Re6 Kf7 40. Be2 g4 41. Bc7 Nbd7 42. a4 Nf3+ 43. Bxf3 exf3 44. Bd6 Nb6 45. Bxc5 Nxa4 46. Rxe8 Kxe8 47. Bd4 1-0

[Event "Caioba Telecom op"]
[Site "Caioba"]
[Date "2018.08.02"]
[Round "3"]
[White "Felix, Jhulia Vitoria"]
[Black "Lunelli, Neuri Antonio"]
[Result "0-1"]
[WhiteElo "1362"]
[BlackElo "1786"]
[PlyCount "52"]
[EventDate "2018.08.01"]
[EventType "swiss"]
[EventRounds "9"]
[EventCountry "BRA"]
[SourceTitle "CBM 186 Extra"]
[Source "ChessBase"]
[SourceDate "2018.08.24"]
[SourceVersion "1"]
[SourceVersionDate "2018.08.24"]
[SourceQuality "1"]

1. d4 Nf6 2. c4 d6 3. Nf3 g6 4. Nc3 Bg7 5. e3 0-0 6. Bd3 c6 7. 0-0 Qc7 8. Re1 Nbd7 9. e4 e5 10. Qb3 exd4 11. Nxd4 a6 12. Nf3 Re8 13. Be3 Ng4 14. h3 Nxe3 15. Rxe3 Nc5 16. Qc2 Ne6 17. Rd1 Qe7 18. e5 dxe5 19. Nxe5 Nd4 20. Qd2 Bxe5 21. f4 Nf3+ 22. Rxf3 Bg7 23. Kh1 f5 24. Na4 Be6 25. b3 Rad8 26. Qe2 Qf6 0-1

[Event "Caioba Telecom op"]
[Site "Caioba"]
[Date "2018.08.02"]
[Round "4"]
[White "Lunelli, Neuri Antonio"]
[Black "Freitas, Robson Silva"]
[Result "1-0"]
[WhiteElo "1786"]
[BlackElo "1797"]
[PlyCount "91"]
[EventDate "2018.08.01"]
[EventType "swiss"]
[EventRounds "9"]
[EventCountry "BRA"]
[SourceTitle "CBM 186 Extra"]
[Source "ChessBase"]
[SourceDate "2018.08.24"]
[SourceVersion "1"]
[SourceVersionDate "2018.08.24"]
[SourceQuality "1"]

1. d4 Nf6 2. Nf3 e6 3. g3 d5 4. Bg2 Be7 5. 0-0 0-0 6. c4 c5 7. e3 Nc6 8. Nbd2 cxd4 9. exd4 dxc4 10. Nxc4 Nb4 11. Qb3 Nbd5 12. Rd1 Rb8 13. Nfe5 Bd7 14. Bd2 Qe8 15. Nxd7 Qxd7 16. Ne5 Qd6 17. Nc4 Qa6 18. Rac1 Rfc8 19. Bf1 Ne4 20. Be1 b5 21. Ne5 Qb7 22. Qf3 Ng5 23. Qg4 f6 24. h4 fxe5 25. hxg5 Rc6 26. Bd3 g6 27. Be4 Rd8 28. Kg2 exd4 29. Rxc6 Qxc6 30. Rxd4 Bc5 31. Rd3 Rf8 32. a3 a5 33. Qxe6+ Qxe6 34. Bxd5 Qxd5+ 35. Rxd5 Rf5 36. Rxf5 gxf5 37. Bxa5 Kf7 38. Bc3 Ke6 39. f4 Kd5 40. Kf3 Bd4 41. Bxd4 Kxd4 42. b3 Kc3 43. a4 b4 44. a5 Kxb3 45. a6 Kc2 46. a7 1-0

[Event "Concordia op 4th"]
[Site "Concordia"]
[Date "2018.06.29"]
[Round "1"]
[White "Chitolina, Ezequiel Henrique"]
[Black "Lunelli, Neuri Antonio"]
[Result "0-1"]
[WhiteElo "1257"]
[BlackElo "1783"]
[PlyCount "60"]
[EventDate "2018.06.29"]
[EventType "swiss"]
[EventRounds "6"]
[EventCountry "BRA"]
[SourceTitle "EXT 2019"]
[Source "ChessBase"]
[SourceDate "2018.10.10"]
[SourceVersion "1"]
[SourceVersionDate "2018.10.10"]
[SourceQuality "1"]

1. e4 c6 2. Nf3 d5 3. Nc3 Bg4 4. h3 Bh5 5. g4 Bg6 6. d3 e6 7. Be3 c5 8. exd5 exd5 9. d4 c4 10. Ne5 Ne7 11. Nxg6 Nxg6 12. h4 Bb4 13. Qd2 Nc6 14. h5 Nge7 15. Bg2 a6 16. a3 Ba5 17. b4 cxb3 18. cxb3 Rc8 19. b4 Nxb4 20. axb4 Bxb4 21. Rc1 Qa5 22. Qd3 Rxc3 23. Rxc3 Bxc3+ 24. Bd2 Bxd2+ 25. Qxd2 Qxd2+ 26. Kxd2 Kd7 27. Kc3 Rc8+ 28. Kb4 Rc4+ 29. Ka5 Kc7 30. Rb1 Nc6# 0-1

[Event "Florianopolis op 4th"]
[Site "Florianopolis"]
[Date "2018.01.24"]
[Round "8"]
[White "Lunelli, Neuri Antonio"]
[Black "Besso, Guadalupe"]
[Result "0-1"]
[WhiteElo "1802"]
[BlackElo "2011"]
[PlyCount "60"]
[EventDate "2018.01.19"]
[EventType "swiss"]
[EventRounds "10"]
[EventCountry "BRA"]
[SourceTitle "EXT 2019"]
[Source "ChessBase"]
[SourceDate "2018.10.10"]
[SourceVersion "1"]
[SourceVersionDate "2018.10.10"]
[SourceQuality "1"]

1. d4 Nf6 2. Nf3 g6 3. g3 Bg7 4. Bg2 0-0 5. 0-0 c6 6. c4 d5 7. Nbd2 dxc4 8. Nxc4 Be6 9. Ncd2 Na6 10. Re1 Qb6 11. e3 c5 12. Ng5 Bd7 13. Nc4 Qc7 14. d5 Bg4 15. f3 Bd7 16. e4 h6 17. Nh3 b5 18. Bf4 Qc8 19. d6 bxc4 20. dxe7 Re8 21. Nf2 Nh5 22. Bd6 Bxb2 23. Rb1 Bf6 24. e5 Bxe7 25. f4 Bc6 26. Ne4 Nb4 27. Re2 Nd3 28. Rc2 Qa6 29. Rc3 Rad8 30. Qe2 Bxd6 0-1

[Event "Caioba Telecom op"]
[Site "Caioba"]
[Date "2017.09.29"]
[Round "3"]
[White "Borges, Guilherme Deola"]
[Black "Lunelli, Neuri Antonio"]
[Result "1-0"]
[WhiteElo "2202"]
[BlackElo "1810"]
[PlyCount "97"]
[EventDate "2017.09.28"]
[EventType "swiss"]
[EventRounds "8"]
[EventCountry "BRA"]
[SourceTitle "EXT 2018"]
[Source "ChessBase"]
[SourceDate "2017.10.13"]
[SourceVersion "1"]
[SourceVersionDate "2017.10.13"]
[SourceQuality "1"]

1. d4 Nf6 2. c4 d6 3. Nc3 e5 4. Nf3 Nbd7 5. Bg5 Be7 6. e3 c6 7. Qc2 Qa5 8. Bd3 a6 9. 0-0 h6 10. Bh4 0-0 11. a3 Re8 12. b4 Qd8 13. c5 exd4 14. exd4 Nf8 15. h3 Be6 16. Nd2 Nd5 17. Bxe7 Qxe7 18. Nce4 dxc5 19. dxc5 Nf4 20. Bc4 Bd5 21. Bxd5 cxd5 22. Ng3 Qg5 23. Nf3 Qf6 24. Kh2 Re7 25. Rad1 N8g6 26. Rd4 Rae8 27. Qf5 Re6 28. Qxf6 Rxf6 29. Rfd1 Nf8 30. R4d2 N8e6 31. Ne2 Kf8 32. Ne5 Re7 33. Nxf4 Nxf4 34. Ng4 Rg6 35. Ne3 Re4 36. g3 d4 37. Rxd4 Rxd4 38. Rxd4 Ne2 39. Rd8+ Ke7 40. Rb8 Nc3 41. Rxb7+ Ke8 42. Nc4 Ne4 43. Kg2 Rf6 44. f3 Ng5 45. Nd6+ Kd8 46. f4 Ne6 47. Nxf7+ Ke8 48. Nd6+ Kf8 49. Ra7 1-0

[Event "Curitiba IEP&Copel op"]
[Site "Curitiba"]
[Date "2017.05.13"]
[Round "3"]
[White "Terao, Juliana Sayumi"]
[Black "Lunelli, Neuri Antonio"]
[Result "1-0"]
[WhiteElo "2285"]
[BlackElo "1817"]
[PlyCount "47"]
[EventDate "2017.05.12"]
[EventType "swiss"]
[EventRounds "6"]
[EventCountry "BRA"]
[SourceTitle "CBM 178 Extra"]
[Source "ChessBase"]
[SourceDate "2017.06.22"]
[SourceVersion "1"]
[SourceVersionDate "2017.06.22"]
[SourceQuality "1"]

1. e4 g6 2. d4 Bg7 3. Nc3 d6 4. Nf3 Nd7 5. Bc4 e5 6. Bxf7+ Kxf7 7. Ng5+ Ke8 8. Ne6 Qe7 9. Nd5 Qf7 10. Ndxc7+ Ke7 11. Nd5+ Ke8 12. Nec7+ Kd8 13. dxe5 Nxe5 14. Nxa8 Nf6 15. Bg5 Kd7 16. Bxf6 Bxf6 17. 0-0 Bd8 18. f4 Nc6 19. Qg4+ Qe6 20. f5 Qe5 21. fxg6+ Qe6 22. Rf7+ Ne7 23. Qxe6+ Kxe6 24. g7 1-0